00208 a2200085 450000100060000004000240000624000350003024500330006565000240009868543 cAnchieta - Itaigara10aUma tartaruga a mil por horal10aUma tartaruga a mil por hora 4aLiteratura infantil